Statistiques concernant Nommez le drapeau dans Minecraft

Cliquez ici pour prendre le quiz!

Statistiques générales

  • Ce quiz a été pris 265 fois
  • Le résultat moyen est 20 sur 24

Statistiques - réponses

Réponse% Correct
États-Unis
100%
Royaume-Uni
98%
France
97%
Russie
94%
Jamaïque
93%
Japon
93%
Italie
92%
Pologne
90%
Suisse
90%
Ukraine
90%
Irlande
88%
Suède
88%
Argentine
86%
Finlande
86%
Macédoine du Nord
86%
Danemark
84%
Estonie
83%
Nigeria
80%
Chili
74%
Bangladesh
72%
Palaos
56%
Yémen
54%
Bahamas
51%
Sierra Leone
45%

Distribution des résultats

Percentile par nombre de réponses

% des personnes avec chaque résultat

Votre développement - résultats

Vous n’avez pas pris ce quiz